000 00357 a2200169 4500
001 191021
020 _a978-85-357-0307-8
040 _cMagnum
100 _aBraz, Julio Emilio
240 1 0 _aAnjos no aquário
_lpor
245 1 0 _aAnjos no aquário
300 _a80
362 0 _a2014
440 1 _aAtual
697 _aLITERATURA JUVENIL
942 _cBK
999 _c191021
_d191021